The Electronic Library

Detalles Bibliográficos
Formato: eBook
Lenguaje:inglés
Publicado: Bingley: Emerald Group Publishing Limited, 1983 -
Materias:
Acceso en línea:Acceso restringido

MARC

LEADER 00000nam a22000007a 4500
005 20210212215823.0
007 cr|||| ||||
008 210212c19839999gb br|w s|||| 0|||b1eng d
022 |a 0264-0473 
035 |a 31962 
040 |a vLex 
090 |c 11162  |d 11162 
245 0 3 |a The Electronic Library  |h [Recurso electrn̤ico] / 
256 |a Servicio en ln̕ea 
260 |a Bingley:  |b Emerald Group Publishing Limited,  |c 1983 - 
300 |a 1 recurso electrn̤ico 
310 |a Bimestral 
362 |a Nð 1-1 (Ene. 1983) - 
506 1 |a Disponible solo en los productos indicados  |d vLex Global  |d vLex Global (Academic Edition, excluding Law Schools)  |d vLex Global (U.S. Academic Edition, Law Schools)  |d vLex Global (U.S. Academic Edition, excluding Law Schools)  |d vLex Global (Academic Edition, Law Schools) 
650 0 4 |a Derecho de las Nuevas Tecnologa̕s  |z Reino Unido 
650 0 4 |a Ciencias aplicadas  |z Reino Unido 
740 0 |a vLex Revistas (Servicio en ln̕ea) 
856 4 0 |u http://vlex.com/source/31962  |z Acceso restringido 
942 |c REV 
999 0 |a New Technologies Law 
999 0 |a Applied Sciences